000 00730cab a2200241 4500
001 ABS37992
008 090401t1987 xxu||||| |||| 00| 0 eng d
035 _a(Sirsi) u7943
041 _aeng
100 _aWootton, B.
245 _aProperty unit trusts
260 _c1987
350 _a0
490 _aEstates Gazette
_v283(6342) 11 July 1987, 144(1)
520 _aConsiders the vehicles which can be used for investing in property. Discusses the future for property unit trusts in the light of proposals to introduce single unit property trusts .
650 _aINVESTMENT
650 _aPINCS
650 _aSPOTS
650 _aUNITISATION
690 _aPROPERTY LAW AND PRACTICE
942 _n0
948 _c04/03/1997
999 _c4835
_d4835